000 01203nam a22002657a 4500
005 20100901151831.0
006 a|||||r|||||00| 0
007 sd ammalaaahaa
008 100901t xxu||||| |||| 00| 0 eng d
028 _aN.80052
_bHis Master's Voice
035 _aGR-308
040 _aSED
_cSED
100 _917880
245 _aMahatma Gandhi ke prarthanottar Bhashan /
_cedited by G. V. Mavalankar [and] R. R. Diwakar
_h[Sound recording] :
246 _aमहात्मा गाँधी के प्रर्थानोत्तर भाषण /
260 _aDum Dum, India
_bHis Master's Voice
300 _a1 sound disc [Gramophone Record] :
_banalog, 33 1/3 rpm
_c9.5 in. (MP)
_fGramophone Record
500 _aBrief record
505 _aSide-1 बहादुर की अहिंसा- भाग-3,1947 (Bahadur ki ahinsaa-Part-3) --Side-2 बहादुर की अहिंसा- भाग-4, 1947 (Bahadur ki ahinsaa-Part-4)
650 _aMotion Picture Music
_xExcerpts
_zIndia
_917854
700 _aMavalankar, G. V.
_917951
700 _aDiwakar, R. R.
_917952
942 _2ddc
_cGR
999 _c43412
_d43412